MARC

LEADER 00000nam0a2200000 4500
001 248074
005 20231101232344.0
035 |a (RuTPU)RU\TPU\book\269739 
035 |a RU\TPU\book\269548 
090 |a 248074 
100 |a 20140117d1988 m y0rusy50 ca 
101 1 |a rus 
102 |a RU 
105 |a a j 001zy 
200 1 |a Анализ точности маркшейдерских съёмок  |e учебное пособие  |f Б. П. Голубко  |g Академия наук СССР (АН СССР), Дальневосточный научный центр (ДНЦ), Институт вулканологии (ИВ) ; отв. ред. С. И. Набоко 
210 |a Свердловск  |c Изд-во СГИ  |d 1988 
215 |a 72 с.  |c ил. 
606 1 |a Маркшейдерская съемка  |x Точность  |2 stltpush  |3 (RuTPU)RU\TPU\subj\41057  |9 60876 
610 1 |a точные значения 
610 1 |a точность 
610 1 |a анализ 
610 1 |a теодолиты 
610 1 |a теодолитные ходы 
610 1 |a учебные пособия 
675 |a 622.1:528.4(075.8)  |v 3 
700 1 |a Голубко  |b Б. П.  |g Борис Павлович 
702 1 |a Набоко  |b С. И.  |4 340 
712 0 2 |a Академия наук СССР (АН СССР)  |b Дальневосточный научный центр (ДНЦ)  |b Институт вулканологии (ИВ)  |c (Петропавловск-Камчатский)  |2 stltpush  |3 (RuTPU)RU\TPU\col\11524 
801 1 |a RU  |b 63413507  |c 20140109 
801 2 |a RU  |b 63413507  |c 20191225  |g RCR 
942 |c BK